[Event "Polanica Zdroj op 59th"]
[Site "Polanica Zdroj"]
[Date "2023.08.25"]
[Round "7"]
[White "Majocha, Piotr"]
[Black "Mareau, Timothe"]
[Result "1/2-1/2"]
[WhiteElo "2002"]
[BlackElo "1922"]
[PlyCount "81"]
[EventDate "2023.08.19"]
[EventType "swiss"]
[EventRounds "9"]
[EventCountry "POL"]
[SourceTitle "CBM 215 Extra"]
[Source "ChessBase"]
[SourceDate "2023.09.30"]
[SourceVersion "1"]
[SourceVersionDate "2023.09.30"]
[SourceQuality "1"]

1. d4 Nf6 2. Nf3 c5 3. c4 cxd4 4. Nxd4 e5 5. Nb5 d5 6. cxd5 Bc5 7. e3 0-0 8. Be2 e4 9. N1c3 Bf5 10. 0-0 Nbd7 11. a3 a6 12. Nd4 Bg6 13. f4 h6 14. b4 Ba7 15. Nb3 Rc8 16. Qd2 Nb6 17. d6 Rc6 18. Rd1 Nc8 19. d7 Nxd7 20. Qxd7 Qxd7 21. Rxd7 Rxc3 22. Nd4 Bxd4 23. Rxd4 Nb6 24. Bd2 Rc2 25. Bd1 Rc7 26. Rc1 Rxc1 27. Bxc1 Rc8 28. Bd2 Nc4 29. a4 Kf8 30. Be2 Nxd2 31. Rxd2 Rc1+ 32. Kf2 Rb1 33. b5 Rb4 34. bxa6 bxa6 35. a5 Ra4 36. Rd5 Ra2 37. Kf1 Ra1+ 38. Kf2 Ra2 39. Kf1 Ra1+ 40. Kf2 Ra2 41. Kf1 1/2-1/2

[Event "Polanica Zdroj op 59th"]
[Site "Polanica Zdroj"]
[Date "2023.08.23"]
[Round "5"]
[White "Demski, Michal"]
[Black "Mareau, Timothe"]
[Result "1-0"]
[WhiteElo "2097"]
[BlackElo "1922"]
[PlyCount "99"]
[EventDate "2023.08.19"]
[EventType "swiss"]
[EventRounds "9"]
[EventCountry "POL"]
[SourceTitle "CBM 215 Extra"]
[Source "ChessBase"]
[SourceDate "2023.09.30"]
[SourceVersion "1"]
[SourceVersionDate "2023.09.30"]
[SourceQuality "1"]

1. c4 b6 2. Nc3 Bb7 3. d4 e6 4. a3 f5 5. d5 Nf6 6. Nf3 g6 7. g3 Bg7 8. Bg2 0-0 9. 0-0 Qe7 10. Bf4 Ne4 11. Nxe4 fxe4 12. d6 Qe8 13. Ng5 c5 14. Nxe4 Bxb2 15. Ra2 Bg7 16. Nf6+ Bxf6 17. Bxb7 Nc6 18. Bxc6 dxc6 19. d7 Qf7 20. Qd6 Rad8 21. Rd2 g5 22. Be5 Bxe5 23. Qxe5 Rxd7 24. Qxg5+ Kh8 25. Qe5+ Kg8 26. Rd6 Rxd6 27. Qxd6 e5 28. Qxe5 Qxc4 29. Qg5+ Kh8 30. Qe5+ Kg8 31. Rd1 Qf7 32. f4 Qf6 33. Qxf6 Rxf6 34. e4 b5 35. Kf2 b4 36. Ke3 Rf7 37. Rc1 b3 38. Kd3 Rd7+ 39. Kc3 c4 40. Kxc4 b2 41. Rb1 Rd2 42. Kc3 Rxh2 43. Rxb2 Rh3 44. Kd4 Rxg3 45. Ke5 h5 46. Kf6 h4 47. e5 Rd3 48. e6 Rd6 49. f5 h3 50. Rh2 1-0

[Event "Polanica Zdroj op-D 58th"]
[Site "Polanica Zdroj"]
[Date "2022.08.18"]
[Round "6"]
[White "Mareau, Timothe"]
[Black "Szczepanski, Krzysztof"]
[Result "1-0"]
[WhiteElo "1590"]
[BlackElo "1790"]
[PlyCount "33"]
[EventDate "2022.08.13"]
[EventType "swiss"]
[EventRounds "9"]
[EventCountry "POL"]
[SourceTitle "CBM 210 Extra"]
[Source "ChessBase"]
[SourceDate "2022.11.30"]
[SourceVersion "1"]
[SourceVersionDate "2022.11.30"]
[SourceQuality "1"]

1. e4 c5 2. d4 cxd4 3. c3 dxc3 4. Nxc3 e6 5. Bc4 Nc6 6. Nf3 Qc7 7. 0-0 Nge7 8. Nb5 Qb8 9. Nd6+ Kd8 10. Nxf7+ Ke8 11. Nxh8 g6 12. Ng5 Ne5 13. Bf4 Bg7 14. Nhf7 d6 15. Nxd6+ Kf8 16. Bxe6 Bxe6 17. Nxe6+ 1-0

[Event "Rubinstein Memorial op-D 57th"]
[Site "Polanica Zdroj"]
[Date "2021.08.20"]
[Round "7"]
[White "Owoc, Jakub"]
[Black "Mareau, Timothe"]
[Result "1-0"]
[WhiteElo "1768"]
[BlackElo "1603"]
[PlyCount "158"]
[EventDate "2021.08.14"]
[EventType "swiss"]
[EventRounds "9"]
[EventCountry "POL"]
[SourceTitle "CBM 204 Extra"]
[Source "ChessBase"]
[SourceDate "2021.11.30"]
[SourceVersion "1"]
[SourceVersionDate "2021.11.30"]
[SourceQuality "1"]

1. e4 e6 2. d4 d5 3. Bd3 c5 4. exd5 Qxd5 5. Qf3 Qxd4 6. Bb5+ Nd7 7. Nc3 a6 8. Nge2 Qf6 9. Bxd7+ Bxd7 10. Qxb7 Qd8 11. Bf4 Qc8 12. Qxc8+ Rxc8 13. 0-0-0 Nf6 14. Rd2 Be7 15. Bd6 Rc6 16. Be5 Ng4 17. Bg3 Rc8 18. h3 Nh6 19. Ne4 Nf5 20. Nd6+ Nxd6 21. Bxd6 Bc6 22. f3 Bxd6 23. Rxd6 Ke7 24. Rd3 Rhd8 25. Re3 Rd7 26. Nf4 Rd4 27. Ne2 Rd7 28. Re1 Rcd8 29. Nf4 Bb5 30. a4 Bc4 31. b3 Bd5 32. Rc3 Rc8 33. Nd3 Rdc7 34. Kb2 a5 35. Nf4 Kd6 36. Ne2 Rb7 37. Rd1 Rb4 38. Kc1 Rc7 39. Kd2 Ke5 40. Re3+ Kf6 41. c4 Bc6 42. Kc2 Rcb7 43. Rd6 R4b6 44. Red3 g5 45. Rd8 Ke7 46. Ra8 Rxb3 47. Rxb3 Rxb3 48. Rxa5 Rb4 49. Rxc5 Kd6 50. Rxg5 Rxc4+ 51. Kd3 Rxa4 52. Nc3 Rh4 53. Ke3 f5 54. Ne2 Rb4 55. Nd4 Bd5 56. Rg7 Rb7 57. Rg5 Rb4 58. Rh5 Rb7 59. Rh6 Rf7 60. Ne2 Ke5 61. f4+ Kd6 62. g4 fxg4 63. hxg4 Ba2 64. Nd4 Kd7 65. Nf3 Rg7 66. Kd4 Bb1 67. Ng5 Bg6 68. Ke5 Re7 69. Kf6 Kd6 70. Rh2 Ra7 71. Rd2+ Kc6 72. Nxe6 Rf7+ 73. Ke5 Re7 74. f5 Bf7 75. Rc2+ Kd7 76. Rd2+ Kc6 77. Rd6+ Kb5 78. Kf6 Ra7 79. g5 Bg8 1-0

[Event "Rubinstein Memorial op-D 57th"]
[Site "Polanica Zdroj"]
[Date "2021.08.18"]
[Round "5"]
[White "Pawlowski, Kamil"]
[Black "Mareau, Timothe"]
[Result "0-1"]
[WhiteElo "1316"]
[BlackElo "1603"]
[PlyCount "60"]
[EventDate "2021.08.14"]
[EventType "swiss"]
[EventRounds "9"]
[EventCountry "POL"]
[SourceTitle "CBM 204 Extra"]
[Source "ChessBase"]
[SourceDate "2021.11.30"]
[SourceVersion "1"]
[SourceVersionDate "2021.11.30"]
[SourceQuality "1"]

1. e4 e6 2. d4 d5 3. exd5 exd5 4. c4 Nf6 5. Nc3 c6 6. Bg5 Be7 7. cxd5 Nxd5 8. Bxe7 Qxe7+ 9. Qe2 Be6 10. Nxd5 Bxd5 11. Qxe7+ Kxe7 12. f3 Re8 13. Kf2 Kf8 14. Nh3 Nd7 15. Nf4 Nb6 16. b3 Rad8 17. Rd1 Rd7 18. Rd2 Rde7 19. Nxd5 Nxd5 20. Bc4 Ne3 21. Re2 Nf5 22. d5 cxd5 23. Rxe7 Rxe7 24. Bxd5 Rd7 25. Be4 Rd2+ 26. Ke1 Rxa2 27. Rf1 Nd4 28. Bxb7 Rxg2 29. Bd5 Nc2+ 30. Kd1 Ne3+ 0-1

[Event "Europe Echecs Blitz May op"]
[Site "Europe Echecs INT"]
[Date "2021.05.09"]
[Round "1"]
[White "Mareau, Timothe"]
[Black "Unuk, Laura"]
[Result "0-1"]
[WhiteElo "1603"]
[BlackElo "2404"]
[PlyCount "118"]
[EventDate "2021.05.09"]
[EventType "swiss (blitz)"]
[EventRounds "11"]
[EventCountry "FRA"]
[SourceTitle "CBM 202 Extra"]
[Source "ChessBase"]
[SourceDate "2021.07.31"]
[SourceVersion "1"]
[SourceVersionDate "2021.07.31"]
[SourceQuality "1"]

1. e4 c6 2. d4 d5 3. exd5 cxd5 4. Bd3 Nc6 5. c3 Nf6 6. Bf4 Bg4 7. Qb3 Qd7 8. Nd2 e6 9. Ngf3 Bd6 10. Ne5 Bxe5 11. Bxe5 a6 12. 0-0 Nxe5 13. dxe5 Ng8 14. f4 Ne7 15. Nf3 0-0 16. Qc2 Bf5 17. h3 Rac8 18. Nd4 Bxd3 19. Qxd3 b5 20. g4 f6 21. f5 exf5 22. e6 Qd6 23. gxf5 g6 24. Qf3 Kh8 25. Kh1 Nxf5 26. Nxf5 gxf5 27. Qxf5 Qe5 28. Qxe5 fxe5 29. e7 Rxf1+ 30. Rxf1 Kg7 31. Rd1 Re8 32. Rxd5 Rxe7 33. Kg2 Kf6 34. Rd6+ Kf5 35. Rxa6 Rd7 36. Kf3 Rd3+ 37. Ke2 Rxh3 38. Rb6 Rh2+ 39. Ke3 Rxb2 40. c4 Rxa2 41. cxb5 Ra3+ 42. Ke2 Ke4 43. Rb7 Ra2+ 44. Ke1 Ke3 45. Kd1 Rh2 46. Rg7 e4 47. Rg3+ Kd4 48. b6 Rb2 49. Rh3 Rxb6 50. Rxh7 Kd3 51. Rh3+ e3 52. Kc1 Rc6+ 53. Kd1 Ra6 54. Kc1 Ra1+ 55. Kb2 Rg1 56. Rh8 e2 57. Rd8+ Kc4 58. Rc8+ Kb5 59. Kc2 e1Q 0-1

[Event "Europe Echecs Blitz May op"]
[Site "Europe Echecs INT"]
[Date "2021.05.09"]
[Round "10"]
[White "Mataigne, Jean Michel"]
[Black "Mareau, Timothe"]
[Result "0-1"]
[WhiteElo "1896"]
[BlackElo "1603"]
[PlyCount "62"]
[EventDate "2021.05.09"]
[EventType "swiss (blitz)"]
[EventRounds "11"]
[EventCountry "FRA"]
[SourceTitle "CBM 202 Extra"]
[Source "ChessBase"]
[SourceDate "2021.07.31"]
[SourceVersion "1"]
[SourceVersionDate "2021.07.31"]
[SourceQuality "1"]

1. e4 e6 2. d3 d5 3. Nd2 Nc6 4. Ngf3 Nf6 5. g3 dxe4 6. dxe4 e5 7. Bg2 Bc5 8. 0-0 Bg4 9. h3 Bh5 10. c3 Bg6 11. Qe2 Qe7 12. a4 a6 13. Nc4 h6 14. Nh4 0-0 15. Nf5 Qe6 16. Nce3 Rad8 17. b4 Ba7 18. b5 Ne7 19. Ba3 Rfe8 20. Nxe7+ Rxe7 21. Bxe7 Qxe7 22. Rfd1 Rc8 23. Nd5 Nxd5 24. exd5 f5 25. c4 f4 26. gxf4 e4 27. Re1 Re8 28. Rad1 Qc5 29. Qc2 e3 30. Qxg6 exf2+ 31. Kh2 Rxe1 0-1

[Event "C'Chartres Blitz op April"]
[Site "Europe Echecs INT"]
[Date "2021.04.10"]
[Round "10"]
[White "Casanovas, Jean Pierre"]
[Black "Mareau, Timothe"]
[Result "0-1"]
[WhiteElo "1180"]
[BlackElo "1603"]
[PlyCount "130"]
[EventDate "2021.04.10"]
[EventType "swiss (blitz)"]
[EventRounds "11"]
[EventCountry "FRA"]
[SourceTitle "CBM 201 Extra"]
[Source "ChessBase"]
[SourceDate "2021.05.31"]
[SourceVersion "1"]
[SourceVersionDate "2021.05.31"]
[SourceQuality "1"]

1. e4 e6 2. d4 d5 3. exd5 exd5 4. Nf3 Bd6 5. Nc3 Ne7 6. Be2 Bf5 7. 0-0 0-0 8. Re1 c6 9. Bd3 f6 10. Nh4 Bxd3 11. Qxd3 Qd7 12. Nf3 Ng6 13. Bd2 Na6 14. Re2 Nb4 15. Qe3 Nxc2 16. Qe6+ Qxe6 17. Rxe6 Nxa1 18. Rxd6 Rad8 19. Re6 Rfe8 20. Rxe8+ Rxe8 21. a3 Nb3 22. Be3 Na5 23. b4 Nc4 24. Bc1 Nh4 25. Kf1 Nxf3 26. gxf3 b5 27. a4 a6 28. axb5 axb5 29. Ne2 Ra8 30. Ke1 Ra2 31. Kd1 g5 32. Ke1 Kf7 33. Nc3 Rc2 34. Ne2 Ke6 35. Kd1 Ra2 36. Ke1 Kf5 37. Nc3 Rc2 38. Ne2 g4 39. fxg4+ Kxg4 40. Kd1 Ra2 41. Ke1 Kf3 42. Ng1+ Kg2 43. Ne2 Na3 44. Nf4+ Kg1 45. Ne2+ Kxh2 46. Bf4+ Kg2 47. Bc1 Ra1 48. Kd2 Nc4+ 49. Ke1 Ra2 50. Nf4+ Kf3 51. Nd3 h5 52. Kf1 Nd2+ 53. Kg1 Ne4 54. Ne1+ Kg4 55. f3+ Kg3 56. fxe4 dxe4 57. Kf1 f5 58. Bg5 f4 59. Bf6 f3 60. Be5+ Kg4 61. Bd6 e3 62. Be5 Ra1 63. Bd6 f2 64. Kg2 fxe1Q 65. Bh2 Qf2# 0-1

[Event "C'Chartres Blitz op April"]
[Site "Europe Echecs INT"]
[Date "2021.04.10"]
[Round "1"]
[White "Mareau, Timothe"]
[Black "Efimov, Igor"]
[Result "0-1"]
[WhiteElo "1603"]
[BlackElo "2416"]
[PlyCount "84"]
[EventDate "2021.04.10"]
[EventType "swiss (blitz)"]
[EventRounds "11"]
[EventCountry "FRA"]
[SourceTitle "CBM 201 Extra"]
[Source "ChessBase"]
[SourceDate "2021.05.31"]
[SourceVersion "1"]
[SourceVersionDate "2021.05.31"]
[SourceQuality "1"]

1. e4 c5 2. c3 d5 3. exd5 Qxd5 4. d4 Nf6 5. Be3 cxd4 6. cxd4 e6 7. Nc3 Qa5 8. Bd3 Bb4 9. Qc2 0-0 10. Nf3 Nc6 11. 0-0 Rd8 12. Ne4 Nxe4 13. Bxe4 g6 14. a3 Bf8 15. Bg5 Nxd4 16. Nxd4 Qxg5 17. Rad1 Be7 18. Nf3 Qa5 19. Rxd8+ Bxd8 20. Rd1 Qc7 21. Qd2 Bf6 22. Qh6 Qe7 23. h4 Bg7 24. Qf4 h6 25. h5 g5 26. Qe3 Bxb2 27. Qd2 Bf6 28. Qc2 Bd7 29. Bh7+ Kg7 30. Be4 Rc8 31. Qd2 Bc6 32. Bxc6 Rxc6 33. Qd3 Rc3 34. Qb5 Rxa3 35. Rd7 Rb3 36. Qxb3 Qxd7 37. Qc2 a5 38. Ne1 b5 39. Nd3 b4 40. Qc5 Qxd3 41. Qxa5 b3 42. Qb6 b2 0-1

[Event "Cappelle Online Blitz op"]
[Site "Europe Echecs INT"]
[Date "2021.03.07"]
[Round "9"]
[White "Mareau, Timothe"]
[Black "Kuhn, Clement"]
[Result "0-1"]
[WhiteElo "1603"]
[BlackElo "2278"]
[PlyCount "42"]
[EventDate "2021.03.07"]
[EventType "swiss (blitz)"]
[EventRounds "11"]
[EventCountry "FRA"]
[SourceTitle "CBM 201 Extra"]
[Source "ChessBase"]
[SourceDate "2021.05.31"]
[SourceVersion "1"]
[SourceVersionDate "2021.05.31"]
[SourceQuality "1"]

1. e4 c5 2. c3 d5 3. exd5 Qxd5 4. d4 Nf6 5. Nf3 e6 6. Be2 Be7 7. Na3 0-0 8. Nc2 Nc6 9. 0-0 b6 10. Be3 cxd4 11. Ncxd4 Bb7 12. Nxc6 Qxc6 13. Qb3 Rfd8 14. Rad1 h6 15. Rxd8+ Rxd8 16. Rd1 Rxd1+ 17. Qxd1 Ng4 18. Qd2 Nxe3 19. Qxe3 Bc5 20. Qd3 e5 21. Nd2 Qxg2# 0-1

[Event "Cappelle Online Blitz op"]
[Site "Europe Echecs INT"]
[Date "2021.03.07"]
[Round "11"]
[White "Mareau, Timothe"]
[Black "Lambach, Maxime"]
[Result "0-1"]
[WhiteElo "1603"]
[BlackElo "1962"]
[PlyCount "68"]
[EventDate "2021.03.07"]
[EventType "swiss (blitz)"]
[EventRounds "11"]
[EventCountry "FRA"]
[SourceTitle "CBM 201 Extra"]
[Source "ChessBase"]
[SourceDate "2021.05.31"]
[SourceVersion "1"]
[SourceVersionDate "2021.05.31"]
[SourceQuality "1"]

1. e4 c5 2. c3 d6 3. d4 cxd4 4. cxd4 Nf6 5. Nc3 e6 6. f4 Be7 7. Nf3 0-0 8. Bd3 a6 9. e5 dxe5 10. fxe5 Nd5 11. h4 h6 12. Ne4 b5 13. a3 Bb7 14. Bb1 Qc7 15. Bg5 Rd8 16. Qd3 Qc4 17. Bxe7 Qxd3 18. Bxd3 Nxe7 19. Nd6 Bd5 20. 0-0 Nbc6 21. b4 Nc8 22. Nxc8 Raxc8 23. Rac1 Bxf3 24. Rxf3 Nxd4 25. Rxc8 Nxf3+ 26. gxf3 Rxc8 27. Be4 Rc3 28. Kf2 Rxa3 29. Bb7 a5 30. bxa5 b4 31. a6 b3 32. Kg3 b2 33. Be4 Rxa6 34. f4 Ra1 0-1

[Event "Cappelle Online Blitz op"]
[Site "Europe Echecs INT"]
[Date "2021.03.07"]
[Round "6"]
[White "Mareau, Timothe"]
[Black "Poschadel, Andreas Gregor"]
[Result "1/2-1/2"]
[WhiteElo "1603"]
[BlackElo "2061"]
[PlyCount "73"]
[EventDate "2021.03.07"]
[EventType "swiss (blitz)"]
[EventRounds "11"]
[EventCountry "FRA"]
[SourceTitle "CBM 201 Extra"]
[Source "ChessBase"]
[SourceDate "2021.05.31"]
[SourceVersion "1"]
[SourceVersionDate "2021.05.31"]
[SourceQuality "1"]

1. e4 c5 2. c3 d5 3. exd5 Qxd5 4. d4 e6 5. Nf3 Nf6 6. Na3 a6 7. Nc2 cxd4 8. Qxd4 Bc5 9. Qxd5 Nxd5 10. Bc4 Nb6 11. Bb3 Nc6 12. 0-0 Bd7 13. Be3 Bxe3 14. Nxe3 0-0 15. Rad1 Rfd8 16. Nd4 Ne7 17. Nc4 Nxc4 18. Bxc4 b5 19. Bb3 Rac8 20. Rd2 Bc6 21. Rfd1 Bd5 22. Nc2 g6 23. Ne3 Rd7 24. Nxd5 Nxd5 25. Bxd5 Rcd8 26. f3 Rxd5 27. Rxd5 Rxd5 28. Rxd5 exd5 29. Kf2 Kf8 30. Ke3 Ke7 31. Kd4 Kd6 32. b4 f6 33. g4 g5 34. h3 h6 35. a3 Kc6 36. Kd3 Kd6 37. Kd4 1/2-1/2

[Event "Cappelle Online Rapid op"]
[Site "Europe Echecs INT"]
[Date "2021.03.06"]
[Round "1"]
[White "Grieve, Harry"]
[Black "Mareau, Timothe"]
[Result "1-0"]
[WhiteElo "2351"]
[BlackElo "1603"]
[PlyCount "55"]
[EventDate "2021.03.06"]
[EventType "swiss (rapid)"]
[EventRounds "9"]
[EventCountry "FRA"]
[SourceTitle "CBM 201 Extra"]
[Source "ChessBase"]
[SourceDate "2021.05.31"]
[SourceVersion "1"]
[SourceVersionDate "2021.05.31"]
[SourceQuality "1"]

1. e4 e6 2. d4 d5 3. Nd2 Nc6 4. Ngf3 Nf6 5. e5 Nd7 6. Nb3 f6 7. Bb5 Be7 8. exf6 Bxf6 9. 0-0 0-0 10. Bf4 a6 11. Bxc6 bxc6 12. Re1 Re8 13. Na5 Nb8 14. Ne5 c5 15. dxc5 Bd7 16. c6 Bc8 17. Qd4 Qe7 18. Re3 Qf8 19. Rae1 Re7 20. Rb3 g5 21. Bg3 Rg7 22. Rf3 Qe7 23. h3 h5 24. b4 g4 25. hxg4 hxg4 26. Rf4 Bxe5 27. Rxe5 Rg5 28. Rxg5+ 1-0

[Event "Cappelle Online Bullet op"]
[Site "Europe Echecs INT"]
[Date "2021.03.05"]
[Round "12"]
[White "Mar, Karmen"]
[Black "Mareau, Timothe"]
[Result "0-1"]
[WhiteElo "2093"]
[BlackElo "1603"]
[PlyCount "36"]
[EventDate "2021.03.05"]
[EventType "swiss (blitz)"]
[EventRounds "15"]
[EventCountry "FRA"]
[SourceTitle "EXT 2022"]
[Source "ChessBase"]
[SourceDate "2021.10.06"]
[SourceVersion "1"]
[SourceVersionDate "2021.10.06"]
[SourceQuality "1"]

1. e4 e6 2. d4 d5 3. Nd2 Nc6 4. c3 Nf6 5. e5 Nd7 6. Bd3 f6 7. exf6 Qxf6 8. Ngf3 Bd6 9. Nf1 e5 10. Bg5 Qf7 11. dxe5 Ncxe5 12. Nxe5 Nxe5 13. Bc2 0-0 14. Be3 c6 15. Ng3 Bg4 16. Qd2 Nc4 17. Qd3 Nxe3 18. fxe3 Qf2# 0-1

[Event "Cappelle Online Bullet op"]
[Site "Europe Echecs INT"]
[Date "2021.03.05"]
[Round "10"]
[White "Mareau, Timothe"]
[Black "Fischler, Oscar"]
[Result "0-1"]
[WhiteElo "1603"]
[BlackElo "1866"]
[PlyCount "116"]
[EventDate "2021.03.05"]
[EventType "swiss (blitz)"]
[EventRounds "15"]
[EventCountry "FRA"]
[SourceTitle "EXT 2022"]
[Source "ChessBase"]
[SourceDate "2021.10.06"]
[SourceVersion "1"]
[SourceVersionDate "2021.10.06"]
[SourceQuality "1"]

1. e4 e5 2. d4 exd4 3. Nf3 Nc6 4. Bc4 Bc5 5. Ng5 Nh6 6. Nxf7 Nxf7 7. Bxf7+ Kxf7 8. Qh5+ g6 9. Qxc5 Re8 10. 0-0 d6 11. Qc4+ Be6 12. Qb5 Rb8 13. Bh6 a6 14. Qa4 Kg8 15. Nd2 Qh4 16. Nf3 Qxh6 17. e5 Nxe5 18. Nxe5 dxe5 19. Qa5 Bf7 20. c3 c6 21. cxd4 exd4 22. Qb6 Qf4 23. Rad1 Red8 24. Rfe1 Qd6 25. Qa5 c5 26. Qa4 Qd5 27. Qc2 Qxa2 28. Qd2 Qd5 29. Re2 c4 30. Rde1 c3 31. bxc3 dxc3 32. Qc2 Qd3 33. Qa4 c2 34. Re7 b5 35. Qf4 Qf5 36. Qc7 Re8 37. Rxe8+ Rxe8 38. Rc1 Qe4 39. h3 Qd3 40. Qxc2 Qxc2 41. Rxc2 Re1+ 42. Kh2 Ra1 43. Rd2 Ra2 44. Rd7 a5 45. Rc7 b4 46. Rb7 b3 47. Rb8+ Kg7 48. Rb7 b2 49. h4 Ra1 50. h5 b1Q 51. g4 gxh5 52. g5 Qh1+ 53. Kg3 Qxb7 54. Kf4 Ra4+ 55. Kg3 Qe4 56. f3 Qf4+ 57. Kf2 Ra2+ 58. Ke1 Qc1# 0-1

[Event "Cappelle Online Bullet op"]
[Site "Europe Echecs INT"]
[Date "2021.03.05"]
[Round "6"]
[White "Mareau, Timothe"]
[Black "Kouatly, Sami"]
[Result "1-0"]
[WhiteElo "1603"]
[BlackElo "1840"]
[PlyCount "27"]
[EventDate "2021.03.05"]
[EventType "swiss (blitz)"]
[EventRounds "15"]
[EventCountry "FRA"]
[SourceTitle "EXT 2022"]
[Source "ChessBase"]
[SourceDate "2021.10.06"]
[SourceVersion "1"]
[SourceVersionDate "2021.10.06"]
[SourceQuality "1"]

1. e4 c5 2. c3 e6 3. d4 cxd4 4. cxd4 d5 5. Be3 dxe4 6. f3 exf3 7. Nxf3 Nf6 8. Nbd2 Bd6 9. Bd3 0-0 10. 0-0 Nc6 11. Qe1 Qc7 12. Qh4 g6 13. Qxf6 e5 14. Bh6 1-0

[Event "Cappelle Online Bullet op"]
[Site "Europe Echecs INT"]
[Date "2021.03.05"]
[Round "11"]
[White "Mareau, Timothe"]
[Black "Loncke, Matthieu"]
[Result "1-0"]
[WhiteElo "1603"]
[BlackElo "1726"]
[PlyCount "77"]
[EventDate "2021.03.05"]
[EventType "swiss (blitz)"]
[EventRounds "15"]
[EventCountry "FRA"]
[SourceTitle "EXT 2022"]
[Source "ChessBase"]
[SourceDate "2021.10.06"]
[SourceVersion "1"]
[SourceVersionDate "2021.10.06"]
[SourceQuality "1"]

1. e4 e6 2. d4 d5 3. Be3 dxe4 4. f3 Nf6 5. Nd2 c5 6. c3 cxd4 7. cxd4 Nc6 8. Nxe4 Nxe4 9. fxe4 Bb4+ 10. Kf2 Qh4+ 11. g3 Qxe4 12. Bg2 Qf5+ 13. Nf3 0-0 14. Rf1 e5 15. dxe5 Nxe5 16. Kg1 Nxf3+ 17. Rxf3 Qe5 18. Qb3 Bc5 19. Bxc5 Qxc5+ 20. Kh1 Bd7 21. Raf1 Bc6 22. Rxf7 Bxg2+ 23. Kxg2 Qc6+ 24. Kg1 Qb6+ 25. Qxb6 axb6 26. Rxf8+ Rxf8 27. Rc1 Ra8 28. a3 Rf8 29. Rc7 Rf7 30. Rc8+ Rf8 31. Rc7 Rf7 32. Rc8+ Rf8 33. Rxf8+ Kxf8 34. Kf2 Ke7 35. Ke3 Kd6 36. Kd4 Ke6 37. Ke4 Kd6 38. Kf4 Ke6 39. Ke4 1-0

[Event "Cappelle Online Bullet op"]
[Site "Europe Echecs INT"]
[Date "2021.03.05"]
[Round "8"]
[White "Mareau, Timothe"]
[Black "Orieux, Etienne"]
[Result "0-1"]
[WhiteElo "1603"]
[BlackElo "1878"]
[PlyCount "92"]
[EventDate "2021.03.05"]
[EventType "swiss (blitz)"]
[EventRounds "15"]
[EventCountry "FRA"]
[SourceTitle "EXT 2022"]
[Source "ChessBase"]
[SourceDate "2021.10.06"]
[SourceVersion "1"]
[SourceVersionDate "2021.10.06"]
[SourceQuality "1"]

1. e4 e6 2. d4 d5 3. Be3 dxe4 4. f3 Nf6 5. Nd2 c5 6. c3 Nd5 7. Qe2 Nxe3 8. Qxe3 exf3 9. Ngxf3 Nd7 10. Bd3 b6 11. 0-0 Bb7 12. Ng5 Nf6 13. Nde4 Qd5 14. Nxf6+ gxf6 15. Nf3 Rg8 16. Rae1 0-0-0 17. Re2 f5 18. c4 cxd4 19. cxd5 dxe3 20. dxe6 Rxd3 21. exf7 Rg7 22. Ne5 Rd5 23. Rxe3 Rxe5 24. Rxe5 Rxf7 25. Rexf5 Rxf5 26. Rxf5 Bc5+ 27. Kf1 h5 28. Rf8+ Bxf8 29. h3 Bg7 30. g4 hxg4 31. hxg4 Bf3 32. g5 Be4 33. Ke2 Bg6 34. Kd2 Bxb2 35. Ke3 Be5 36. Kf3 Kd7 37. Ke3 Kd6 38. Ke2 Kd5 39. Kd2 Kd4 40. Kd1 Bf4 41. Ke2 Bxg5 42. Kf3 Be4+ 43. Kg3 Be3 44. Kg4 Bd2 45. Kh5 Bc3 46. Kh6 Bb2 0-1

[Event "Cappelle Online Bullet op"]
[Site "Europe Echecs INT"]
[Date "2021.03.05"]
[Round "14"]
[White "Ouaki, Mark"]
[Black "Mareau, Timothe"]
[Result "1-0"]
[WhiteElo "2081"]
[BlackElo "1603"]
[PlyCount "71"]
[EventDate "2021.03.05"]
[EventType "swiss (blitz)"]
[EventRounds "15"]
[EventCountry "FRA"]
[SourceTitle "EXT 2022"]
[Source "ChessBase"]
[SourceDate "2021.10.06"]
[SourceVersion "1"]
[SourceVersionDate "2021.10.06"]
[SourceQuality "1"]

1. e4 e6 2. d4 d5 3. Nc3 Nc6 4. exd5 exd5 5. Nf3 Bd6 6. Bb5 Nge7 7. Be3 Bf5 8. 0-0 0-0 9. Bd3 f6 10. Re1 Qe8 11. h3 Qg6 12. Bxf5 Nxf5 13. Nxd5 Nxe3 14. Nxe3 Rad8 15. c3 Ne7 16. Qb3+ Kh8 17. Qxb7 c5 18. d5 Rb8 19. Qxa7 Rxb2 20. Nc4 Qc2 21. Nxb2 Qxb2 22. Rab1 Qxc3 23. Rxe7 Bxe7 24. Qxe7 Rg8 25. d6 Qc2 26. Re1 Qd3 27. d7 c4 28. Qe8 h6 29. Qxg8+ Kxg8 30. Re8+ Kh7 31. d8Q Qb1+ 32. Kh2 c3 33. Rh8+ Kg6 34. Qe8+ Kf5 35. Nh4+ Kf4 36. Qe3# 1-0

[Event "Cappelle Online Blitz op 1st"]
[Site "Europe Echecs INT"]
[Date "2021.01.10"]
[Round "2"]
[White "Maillard, Xavier"]
[Black "Mareau, Timothe"]
[Result "0-1"]
[WhiteElo "1063"]
[BlackElo "1603"]
[PlyCount "110"]
[EventDate "2021.01.10"]
[EventType "swiss (blitz)"]
[EventRounds "11"]
[EventCountry "FRA"]
[SourceTitle "CBM 200 Extra"]
[Source "ChessBase"]
[SourceDate "2021.03.31"]
[SourceVersion "1"]
[SourceVersionDate "2021.03.31"]
[SourceQuality "1"]

1. c4 b6 2. Nc3 Bb7 3. d4 e6 4. e4 Bb4 5. Bd3 f5 6. f3 fxe4 7. fxe4 Bxe4 8. Bxe4 Bxc3+ 9. Kf1 d5 10. cxd5 exd5 11. Qh5+ Kf8 12. Qxd5 Qxd5 13. Bxd5 c6 14. Bxg8 Bxb2 15. Bxb2 Rxg8 16. Nf3 Ke7 17. Kf2 Nd7 18. Rhe1+ Kd6 19. Ba3+ Kc7 20. Re7 Rae8 21. Rae1 Kd8 22. Rxe8+ Rxe8 23. Rxe8+ Kxe8 24. Ne5 Nxe5 25. dxe5 Kd7 26. Bb2 Ke6 27. Kf3 a5 28. g4 b5 29. a3 c5 30. Ke4 a4 31. h4 g6 32. g5 b4 33. axb4 cxb4 34. Kd4 a3 35. Ba1 b3 36. Kc3 b2 37. Bxb2 axb2 38. Kxb2 Kxe5 39. Kc3 Kf4 40. Kd2 Kg4 41. Ke2 Kxh4 42. Kf2 Kxg5 43. Kg2 Kg4 44. Kh2 Kh4 45. Kg2 h5 46. Kh2 g5 47. Kg2 Kg4 48. Kh2 Kf3 49. Kh3 Kf2 50. Kh2 g4 51. Kh1 h4 52. Kh2 g3+ 53. Kh3 g2 54. Kh2 g1Q+ 55. Kh3 Qg3# 0-1